000 00462nam a22001937a 4500
003 MPLRDC
005 20220104154300.0
008 210129b ||||| |||| 00| 0 eng d
020 _a957-99032-2-0
082 _a496.5 HMW
100 _a黄美华
245 _a灵芝情缘
_c
250 _a初版
260 _a
_b成智出版社
_c1996
300 _b
490 _a成功行销系列. 3
650 _a推销策略; 贩卖术
942 _cBK
_o496.5 HMW
999 _c53900
_d53890